000 00510nam a2200181Ia 4500
001 17124
005 20260306170402.0
008 260306t2018||||xx |||||||||||||| ||und||
041 _aESP
082 _a657.46
_bA72
100 _aArias Copitan, Pablo
_eAUT
245 0 _aGastos deducibles, contribuyentes de cuarta y quinta categorías:
_bcontribuyentes de cuarta y quinta categorías
260 _c2018
300 _a48 páginas :
_c24 cm.
650 _aGEN
654 _aCCO
942 _cLIB
_dJUS
_fJUS
_2ddc
_n
999 _c17124
_d17124